COMPLEX VARIABLES THEORY AND APPLICATION (Record no. 10222)

MARC details
000 -LEADER
fixed length control field 00313nam a22001337a 4500
003 - CONTROL NUMBER IDENTIFIER
control field SGT
082 ## - DEWEY DECIMAL CLASSIFICATION NUMBER
Classification number KAS 519.9
100 ## - MAIN ENTRY--PERSONAL NAME
Personal name KASANA,H.S
245 ## - TITLE STATEMENT
Title COMPLEX VARIABLES THEORY AND APPLICATION
260 ## - PUBLICATION, DISTRIBUTION, ETC. (IMPRINT)
Place of publication, distribution, etc NEW DELHI
Name of publisher, distributor, etc PHI
Year of Publication 2015
300 ## - PAGE DESCRIPTION
No. of Pages 494
650 ## - SUBJECT ADDED ENTRY--TOPICAL TERM
Topical term or geographic name as entry element COMPLEX VARIABLES, MATHEMATICS
942 ## - ADDED ENTRY ELEMENTS (KOHA)
Source of classification or shelving scheme Dewey Decimal Classification
Koha item type FPS Books
942 ## - ADDED ENTRY ELEMENTS (KOHA)
-- 2
Holdings
Withdrawn status Lost status Source of classification or shelving scheme Damaged status Not for loan Collection code Home library Current library Shelving location Date acquired Vendor Name Cost, normal purchase price SGTU Bill Number Total Checkouts Full call number Accession No. (Barcode) Date last seen Date last borrowed Bill Date Koha item type
    Dewey Decimal Classification     SCIENCE SGT Science & Social Sciences Library SGT Science & Social Sciences Library Text Book 14/12/2016 UNIVERSAL BOOK 375.00 SGTU 377 1 KAS 519.9 PS3025 23/01/2019 09/01/2019 20/10/2016 FPS Books
    Dewey Decimal Classification     SCIENCE SGT Science & Social Sciences Library SGT Science & Social Sciences Library Text Book 14/12/2016 UNIVERSAL BOOK 375.00 SGTU 377 3 KAS 519.9 PS3026 16/10/2020 03/03/2020 20/10/2016 FPS Books
    Dewey Decimal Classification     SCIENCE SGT Science & Social Sciences Library SGT Science & Social Sciences Library Text Book 14/12/2016 UNIVERSAL BOOK 375.00 SGTU 377 4 KAS 519.9 PS3027 07/12/2023 20/10/2023 20/10/2016 FPS Books